Top 5 Songs On Starz (Yung Lean) - Statistics

General Stats
  • This quiz has been taken 14 times
  • The average score is 4 of 5
Answer Stats
Hint Answer % Correct
6,888,842 Boylife In EU
91%
7,364,746 Acid At 7/11
82%
18,573,930 Pikachu
82%
6,688,066 Yayo
82%
6,526,507 Violence
73%
No matching quizzes found
Score Distribution
Percent of People with Each Score
Percentile by Number Answered
Your Score History
You have not taken this quiz